Normal view
MARC view
Entry Personal Name
001 - CONTROL NUMBER
- control field: 69731
003 - CONTROL NUMBER IDENTIFIER
- control field: OSt
005 - DATE AND TIME OF LATEST TRANSACTION
- control field: 20230124152046.0
008 - FIXED-LENGTH DATA ELEMENTS
- fixed length control field: 230124|| aca||aabn | a|a d
040 ## - CATALOGING SOURCE
- Original cataloging agency: OSt
- Transcribing agency: OSt
100 ## - HEADING--PERSONAL NAME
- Personal name: Arthur Conan Doyle: आर्थर कॉनन डायल
670 ## - SOURCE DATA FOUND
- Source citation: Work cat.: (OSt)226420: Arthur Conan Doyle: आर्थर कॉनन डायल , Nachti akratiyaan: Sherlock Holmes ke jasoosi karnamein:, 2021